[Event "Sant' Anna op"]
[Site "Pisignano di Vernole"]
[Date "1998.??.??"]
[Round "4"]
[White "Coppini, Giorgio"]
[Black "Chatalbashev, Boris"]
[Result "0-1"]
[WhiteElo "2195"]
[BlackElo "2550"]
[PlyCount "90"]
[EventDate "1998.??.??"]
[EventType "swiss"]
[EventRounds "6"]
[EventCountry "ITA"]
[SourceTitle "EXT 2003"]
[Source "ChessBase"]
[SourceDate "2002.11.25"]
[SourceVersion "1"]
[SourceVersionDate "2002.11.25"]
[SourceQuality "1"]

1. c4 b6 2. Nf3 Bb7 3. g3 Bxf3 4. exf3 c5 5. d4 cxd4 6. Qxd4 Nc6 7. Qd1 g6 8. Bd2 Bg7 9. Bc3 Bxc3+ 10. Nxc3 Nh6 11. g4 f6 12. f4 e5 13. fxe5 fxe5 14. h3 0-0 15. Qd5+ Nf7 16. 0-0-0 Qg5+ 17. Qd2 Rac8 18. Ne4 Qxd2+ 19. Rxd2 Nd4 20. f4 d6 21. Kb1 Kg7 22. b3 Ne6 23. fxe5 dxe5 24. Bg2 Rcd8 25. Rhd1 Rd4 26. Nc3 Nf4 27. Nb5 Rxd2 28. Rxd2 a5 29. Nc7 Rd8 30. Rxd8 Nxd8 31. Bf1 e4 32. Ne8+ Kh6 33. Kc2 e3 34. Kd1 Kg5 35. c5 bxc5 36. Nd6 Nde6 37. Nc4 Nd5 38. Bg2 Nc3+ 39. Ke1 Kf4 40. Bf1 Nd4 41. Bd3 Nf3+ 42. Kf1 Nd2+ 43. Ke1 Nxc4 44. Bxc4 g5 45. a4 h6 0-1

[Event "ITA op-A"]
[Site "Italy"]
[Date "1997.??.??"]
[Round "?"]
[White "Coppini, Giorgio"]
[Black "Gagliardi, Pietro"]
[Result "1/2-1/2"]
[WhiteElo "2195"]
[BlackElo "2185"]
[PlyCount "43"]
[EventDate "1997.??.??"]
[EventType "swiss"]
[EventRounds "8"]
[EventCountry "ITA"]
[SourceTitle "EXT 2003"]
[Source "ChessBase"]
[SourceDate "2002.11.25"]
[SourceVersion "1"]
[SourceVersionDate "2002.11.25"]
[SourceQuality "1"]

1. g3 c5 2. Bg2 g6 3. e4 Bg7 4. Nc3 Nc6 5. f4 d6 6. Nf3 e6 7. d3 Nge7 8. 0-0 0-0 9. Be3 Nd4 10. Bf2 Nec6 11. Kh1 Bd7 12. Rb1 Nxf3 13. Bxf3 b6 14. Ne2 Rc8 15. c3 Qe7 16. Bg2 e5 17. Qd2 Be6 18. b3 Qd7 19. Rbd1 Bg4 20. Rc1 Bh3 21. Bxh3 Qxh3 22. Be3 1/2-1/2

[Event "Rome op1"]
[Site "Rome"]
[Date "1997.??.??"]
[Round "7"]
[White "Coppini, Giorgio"]
[Black "Vallifuoco, Giovanni"]
[Result "1/2-1/2"]
[WhiteElo "2195"]
[BlackElo "2255"]
[PlyCount "39"]
[EventDate "1997.??.??"]
[EventType "swiss"]
[EventRounds "8"]
[EventCountry "ITA"]
[SourceTitle "EXT 2000"]
[Source "ChessBase"]
[SourceDate "1999.11.16"]
[SourceVersion "1"]
[SourceVersionDate "1999.11.16"]
[SourceQuality "1"]

1. e4 c5 2. Nc3 Nc6 3. g3 g6 4. Bg2 Bg7 5. d3 Rb8 6. Be3 d6 7. Qd2 b5 8. Nge2 b4 9. Nd1 Nd4 10. 0-0 e6 11. c3 bxc3 12. bxc3 Nxe2+ 13. Qxe2 Ne7 14. f4 0-0 15. g4 f5 16. gxf5 gxf5 17. Rf3 Rf6 18. Rg3 Rg6 19. Bd2 Bd7 20. Ne3 1/2-1/2

[Event "Asti op 16th"]
[Site "Asti"]
[Date "1995.??.??"]
[Round "7"]
[White "Coppini, Giorgio"]
[Black "Arlandi, Ennio"]
[Result "0-1"]
[WhiteElo "2210"]
[BlackElo "2455"]
[PlyCount "78"]
[EventDate "1995.??.??"]
[EventType "swiss"]
[EventRounds "9"]
[EventCountry "ITA"]
[SourceTitle "EXT 1997"]
[Source "ChessBase"]
[SourceDate "1996.11.15"]
[SourceVersion "1"]
[SourceVersionDate "1996.11.15"]
[SourceQuality "1"]

1. e4 c6 2. d3 d5 3. Nd2 e5 4. Ngf3 Bd6 5. Qe2 Nf6 6. g3 0-0 7. Bg2 Re8 8. 0-0 Nbd7 9. Re1 Nc5 10. Qf1 dxe4 11. Nxe4 Nfxe4 12. dxe4 b5 13. Nd2 Qc7 14. Nb3 Ne6 15. a4 Bd7 16. Rd1 Red8 17. Be3 bxa4 18. Rxa4 c5 19. Raa1 Nd4 20. Qa6 Bb5 21. Qa5 Qxa5 22. Nxa5 Nxc2 23. Nb7 Nxa1 24. Nxd8 Rxd8 25. Bxc5 Be7 26. Rxd8+ Bxd8 27. Bxa7 Nb3 28. Be3 Ba5 29. f3 Bd2 30. Bb6 Bc1 31. Bf1 Bxf1 32. Kxf1 Bxb2 33. Kg2 Bd4 34. Bc7 f6 35. Bd6 Bc5 36. Bc7 Kf7 37. f4 Ke6 38. fxe5 fxe5 39. Kf3 Nd2+ 0-1

[Event "Asti op 16th"]
[Site "Asti"]
[Date "1995.??.??"]
[Round "9"]
[White "Coppini, Giorgio"]
[Black "Belotti, Bruno"]
[Result "0-1"]
[WhiteElo "2210"]
[BlackElo "2380"]
[PlyCount "60"]
[EventDate "1995.??.??"]
[EventType "swiss"]
[EventRounds "9"]
[EventCountry "ITA"]
[SourceTitle "EXT 1997"]
[Source "ChessBase"]
[SourceDate "1996.11.15"]
[SourceVersion "1"]
[SourceVersionDate "1996.11.15"]
[SourceQuality "1"]

1. e4 c5 2. Nf3 e6 3. d3 Nc6 4. g3 d5 5. Nbd2 Nf6 6. Bg2 Be7 7. 0-0 0-0 8. Re1 b5 9. e5 Nd7 10. c3 a5 11. Nf1 Ba6 12. d4 b4 13. Ne3 Nb6 14. dxc5 Bxc5 15. h4 a4 16. h5 a3 17. Ng4 axb2 18. Bxb2 Nc4 19. Bc1 bxc3 20. Bh6 gxh6 21. Qc1 f5 22. exf6 Rxf6 23. Qxc3 Kf7 24. Bh3 Bc8 25. Qd3 Kg7 26. Nxf6 Qxf6 27. Qe2 Ra3 28. Bxe6 Rxf3 29. Bxc8 Rxg3+ 30. Kf1 Ne3+ 0-1

[Event "Toscolano op"]
[Site "Toscolano"]
[Date "1995.??.??"]
[Round "?"]
[White "Coppini, Giorgio"]
[Black "Kania, Andreas"]
[Result "1-0"]
[WhiteElo "2255"]
[BlackElo "2235"]
[PlyCount "75"]
[EventDate "1995.10.14"]
[EventType "swiss"]
[EventRounds "9"]
[EventCountry "ITA"]
[SourceTitle "EXT 2000"]
[Source "ChessBase"]
[SourceDate "1999.11.16"]
[SourceVersion "1"]
[SourceVersionDate "1999.11.16"]
[SourceQuality "1"]

1. e4 e6 2. d4 d5 3. Nd2 Nf6 4. e5 Nfd7 5. c3 c5 6. Bd3 Nc6 7. Ne2 cxd4 8. cxd4 f6 9. exf6 Nxf6 10. 0-0 Bd6 11. Nf3 0-0 12. Nc3 a6 13. Bg5 Qc7 14. Bh4 h6 15. Bg3 Bxg3 16. hxg3 g5 17. Rc1 Qg7 18. Bb1 Ng4 19. Na4 Rf6 20. Nc5 a5 21. Qd2 Qf7 22. Nh2 e5 23. Nxg4 Bxg4 24. dxe5 Nxe5 25. Qd4 Be2 26. Qxe5 Bxf1 27. Rxf1 Re8 28. Qd4 Kg7 29. Bf5 b6 30. Nd7 Re2 31. Qxf6+ Qxf6 32. Nxf6 Kxf6 33. Bd7 Rxb2 34. a4 Ke5 35. Rd1 d4 36. Bb5 Kd5 37. Kf1 Kc5 38. Ke1 1-0

[Event "Verona op"]
[Site "Verona"]
[Date "1995.??.??"]
[Round "?"]
[White "Coppini, Giorgio"]
[Black "Medancic, Rikard"]
[Result "1-0"]
[WhiteElo "2255"]
[BlackElo "2345"]
[PlyCount "73"]
[EventDate "1995.??.??"]
[EventType "swiss"]
[EventRounds "9"]
[EventCountry "ITA"]
[SourceTitle "EXT 2000"]
[Source "ChessBase"]
[SourceDate "1999.11.16"]
[SourceVersion "1"]
[SourceVersionDate "1999.11.16"]
[SourceQuality "1"]

1. e4 a6 2. d4 b5 3. Bd3 Bb7 4. Qe2 g6 5. c4 bxc4 6. Bxc4 Bg7 7. Nf3 c5 8. d5 Nf6 9. Nc3 d6 10. a4 0-0 11. 0-0 Nbd7 12. a5 Ng4 13. Bb3 Qc7 14. Ne1 Ngf6 15. f4 Rfe8 16. Bc4 e6 17. dxe6 fxe6 18. f5 d5 19. fxe6 Rxe6 20. Nxd5 Nxd5 21. exd5 Rxe2 22. d6+ Kh8 23. dxc7 Re4 24. Bd3 Ree8 25. Nf3 Ne5 26. Nxe5 Bxe5 27. Bf4 Bxf4 28. Rxf4 Re7 29. Rc1 Rxc7 30. Bf1 Rac8 31. Rf6 Rc6 32. Rf7 Rb8 33. Rd1 c4 34. Rdd7 Ba8 35. Rxh7+ Kg8 36. Rdg7+ Kf8 37. Rh8+ 1-0

[Event "Toscolano op"]
[Site "Toscolano"]
[Date "1995.??.??"]
[Round "?"]
[White "Coppini, Giorgio"]
[Black "Naumkin, Igor"]
[Result "1/2-1/2"]
[WhiteElo "2255"]
[BlackElo "2500"]
[PlyCount "65"]
[EventDate "1995.10.14"]
[EventType "swiss"]
[EventRounds "9"]
[EventCountry "ITA"]
[SourceTitle "EXT 2000"]
[Source "ChessBase"]
[SourceDate "1999.11.16"]
[SourceVersion "1"]
[SourceVersionDate "1999.11.16"]
[SourceQuality "1"]

1. d4 d5 2. c4 c6 3. cxd5 cxd5 4. Nc3 Nf6 5. Nf3 Nc6 6. Bf4 a6 7. Ne5 e6 8. e3 Nxe5 9. dxe5 Ne4 10. Nxe4 dxe4 11. Qxd8+ Kxd8 12. 0-0-0+ Bd7 13. Kb1 Kc7 14. Be2 Be7 15. Rd4 Bc6 16. Rc1 Kb6 17. Bh5 g6 18. Bd1 Rhd8 19. Bc2 g5 20. Bg3 h5 21. h3 Rxd4 22. exd4 h4 23. Bh2 Rd8 24. Bg1 Ka5 25. Rd1 f6 26. exf6 Bxf6 27. f3 exf3 28. gxf3 e5 29. dxe5 Rxd1+ 30. Bxd1 Bxe5 31. Be2 Bd7 32. Bf1 Bc6 33. Be2 1/2-1/2

[Event "Budapest FS03 IM-A"]
[Site "Budapest"]
[Date "1995.??.??"]
[Round "1"]
[White "Coppini, Giorgio"]
[Black "Nazarenus, Olaf"]
[Result "0-1"]
[WhiteElo "2255"]
[BlackElo "2170"]
[PlyCount "56"]
[EventDate "1995.03.??"]
[EventType "tourn"]
[EventRounds "9"]
[EventCountry "HUN"]
[EventCategory "2"]
[SourceTitle "EXT 1997"]
[Source "ChessBase"]
[SourceDate "1996.11.15"]
[SourceVersion "1"]
[SourceVersionDate "1996.11.15"]
[SourceQuality "1"]

1. e4 c5 2. Nf3 Nc6 3. d4 cxd4 4. Nxd4 g6 5. Nc3 Bg7 6. Be3 d6 7. Qd2 Nf6 8. f3 0-0 9. g4 Nxd4 10. Bxd4 Be6 11. h4 Qa5 12. 0-0-0 Bxa2 13. Nxa2 Qxa2 14. Qb4 Rfc8 15. Qxb7 Qa1+ 16. Kd2 Qa4 17. Bc3 Rab8 18. Qxe7 Re8 19. Qxf6 Bxf6 20. Bxf6 d5 21. Bd3 dxe4 22. fxe4 Qd7 23. g5 Rxe4 24. Rc1 Rf4 25. Be5 Rfb4 26. Bxb8 Rxb8 27. b3 Qc7 28. Bc4 Qf4+ 0-1

[Event "Toscolano op"]
[Site "Toscolano"]
[Date "1995.??.??"]
[Round "?"]
[White "Coppini, Giorgio"]
[Black "Sulava, Nenad"]
[Result "0-1"]
[WhiteElo "2255"]
[BlackElo "2420"]
[PlyCount "60"]
[EventDate "1995.10.14"]
[EventType "swiss"]
[EventRounds "9"]
[EventCountry "ITA"]
[SourceTitle "EXT 2000"]
[Source "ChessBase"]
[SourceDate "1999.11.16"]
[SourceVersion "1"]
[SourceVersionDate "1999.11.16"]
[SourceQuality "1"]

1. e4 c5 2. Nf3 e6 3. d3 Nc6 4. g3 d5 5. Nbd2 Nf6 6. Bg2 b6 7. 0-0 Bb7 8. Re1 Be7 9. h4 Qc7 10. exd5 Nxd5 11. Nc4 Rd8 12. Bg5 0-0 13. a4 Bxg5 14. hxg5 Nde7 15. Nce5 Rd5 16. Qe2 Ng6 17. Nxc6 Bxc6 18. Qe3 Qd8 19. Nh4 Re5 20. Qd2 Nxh4 21. gxh4 Rxe1+ 22. Qxe1 Bxg2 23. Kxg2 Qd4 24. Qe3 Qxb2 25. Rc1 Rd8 26. Kg3 Qa3 27. h5 Qxa4 28. g6 Qd4 29. Qg5 hxg6 30. hxg6 Qf6 0-1

[Event "Budapest FS03 IM-A"]
[Site "Budapest"]
[Date "1995.??.??"]
[Round "3"]
[White "Coppini, Giorgio"]
[Black "Vigh, Bela"]
[Result "0-1"]
[WhiteElo "2255"]
[BlackElo "2370"]
[PlyCount "44"]
[EventDate "1995.03.??"]
[EventType "tourn"]
[EventRounds "9"]
[EventCountry "HUN"]
[EventCategory "2"]
[SourceTitle "EXT 1997"]
[Source "ChessBase"]
[SourceDate "1996.11.15"]
[SourceVersion "1"]
[SourceVersionDate "1996.11.15"]
[SourceQuality "1"]

1. e4 e6 2. d4 d5 3. Nd2 Nc6 4. Ngf3 Nf6 5. e5 Nd7 6. c3 f6 7. exf6 Qxf6 8. Be2 Bd6 9. Nf1 0-0 10. Ng3 e5 11. Qb3 Nb6 12. Ne4 Qg6 13. Nxd6 cxd6 14. Be3 Na5 15. Qb5 Nac4 16. dxe5 Bd7 17. Qb4 a5 18. Qxb6 Nxb6 19. Bxb6 dxe5 20. Nxe5 Qxb6 21. Nxd7 Qxf2+ 22. Kd1 Rfe8 0-1

[Event "Celle Ligure op"]
[Site "Celle Ligure"]
[Date "1995.??.??"]
[Round "?"]
[White "Duarte Mermow, Marcelo R"]
[Black "Coppini, Giorgio"]
[Result "0-1"]
[WhiteElo "2385"]
[BlackElo "2255"]
[PlyCount "91"]
[EventDate "1995.??.??"]
[EventType "swiss"]
[EventRounds "9"]
[EventCountry "ITA"]
[SourceTitle "EXT 1999"]
[Source "ChessBase"]
[SourceDate "1998.11.16"]
[SourceVersion "1"]
[SourceVersionDate "1998.11.16"]
[SourceQuality "1"]

1. e4 d6 2. d4 Nf6 3. Nc3 g6 4. Bd3 Bg7 5. f4 0-0 6. Nce2 c5 7. dxc5 Qa5+ 8. c3 Qxc5 9. h3 e5 10. fxe5 dxe5 11. Ng3 Be6 12. Qe2 Nbd7 13. Be3 Qc7 14. Nf3 Rac8 15. 0-0 a6 16. Nd2 Nb6 17. b3 Nfd7 18. Rac1 Nb8 19. Nf3 h6 20. Qf2 N6d7 21. Ne2 Nc5 22. Bb1 f5 23. exf5 gxf5 24. Qg3 f4 25. Qg6 Rf6 26. Qh7+ Kf7 27. Bxc5 Qxc5+ 28. Kh1 Nc6 29. c4 Rh8 30. Qd3 Rd8 31. Qc2 Bf5 32. Qc3 Bxb1 33. Rxb1 a5 34. Nd2 Qe3 35. Qxe3 fxe3 36. Ne4 Rxf1+ 37. Rxf1+ Ke7 38. Rf3 Rd3 39. Nc5 Rd1+ 40. Kh2 b6 41. Na4 Rd3 42. Nxb6 Nd4 43. Nd5+ Kd8 44. Nxd4 exd4 45. Rf7 Be5+ 46. g3 0-1

[Event "Geneve op"]
[Site "Geneve"]
[Date "1995.??.??"]
[Round "8"]
[White "Kovacevic, Vlatko"]
[Black "Coppini, Giorgio"]
[Result "0-1"]
[WhiteElo "2520"]
[BlackElo "2255"]
[PlyCount "68"]
[EventDate "1995.??.??"]
[EventType "swiss"]
[EventRounds "9"]
[EventCountry "SUI"]
[SourceTitle "CBM 046 Extra"]
[Source "ChessBase"]
[SourceDate "1995.07.01"]
[SourceVersion "1"]
[SourceVersionDate "1995.07.01"]
[SourceQuality "1"]

1. c4 e5 2. Nc3 Bb4 3. Qc2 Nf6 4. a3 Bxc3 5. Qxc3 d6 6. d3 0-0 7. Bg5 a5 8. b3 h6 9. Bh4 Re8 10. Nf3 g5 11. Bg3 e4 12. Nd2 e3 13. fxe3 Rxe3 14. Bf2 Re8 15. e4 d5 16. Bd4 Nbd7 17. 0-0-0 dxe4 18. Nxe4 Nxe4 19. dxe4 Qe7 20. Qb2 a4 21. b4 c5 22. bxc5 Ra6 23. Qf2 Rc6 24. Bd3 Nxc5 25. Kb2 Nxd3+ 26. Rxd3 Qxe4 27. Rd2 Qe6 28. Ka1 Rxc4 29. h4 g4 30. Rf1 f5 31. Qf4 Qc6 32. Rb1 Re4 33. Qf2 Rcxd4 34. Re2 Rc4 0-1